De la invasión a la ocupación /
La autora parte de la premisa de que, con la invasión militar de Estados Unidos contra Panamá del 20 de diciembre de 1989, se clausuró un período y se abrió otro en la historia política de las relaciones entre ambas naciones. Asegura que los veintiún años anteriores (1968-1989) se caracterizaron por...
Sábháilte in:
| Príomhchruthaitheoir: | |
|---|---|
| Formáid: | Téacs |
| Ábhair: | |
| Clibeanna: |
Cuir clib leis
Níl clibeanna ann, Bí ar an gcéad duine le clib a chur leis an taifead seo!
|
MARC
| LEADER | 00000 a a2200000 04500 | ||
|---|---|---|---|
| 001 | 16697 | ||
| 003 | |||
| 040 | |||
| 100 | |a Moreno, Cecilia | ||
| 245 | |a De la invasión a la ocupación / |c Cecilia Moreno | ||
| 520 | |a La autora parte de la premisa de que, con la invasión militar de Estados Unidos contra Panamá del 20 de diciembre de 1989, se clausuró un período y se abrió otro en la historia política de las relaciones entre ambas naciones. Asegura que los veintiún años anteriores (1968-1989) se caracterizaron por la necesidad que tuvo el actor foráneo de contar con actores locales para maniobrar en la política interna, y que tal práctica se rompe en 1989 al no tener socios locales y verse compelido a intervenir directamente y convertirse en potencia ocupante, aunque disfrazada al nombrar un gobierno. Luego Moreno se refiere a las repercusiones internacionales que tuvó la invasión y posterior ocupación de Panamá: tensión política con Cuba, Venezuela, Perú, etc. Concluye que, a pesar de los costos, Estados Unidos están dispuestos a pagar el precio a cambio de reorientar el proceso político panameño y tener un mayor control estratégico sobre la región centroamericana. EB/mb | ||
| 650 | |a RELACIONES BILATERALES | ||
| 650 | |a RELACIONES INTERNACIONALES | ||
| 650 | |a POLITICA EXTERIOR | ||
| 650 | |a INTERVENCION EXTRANJERA | ||
| 650 | |a AGRESION | ||
| 650 | |a PODER POLITICO | ||
| 650 | |a GOBIERNO CENTRAL | ||
| 773 | |g número 7; páginas 141-147 | ||
| 999 | |c 35044 |d 35044 | ||
